| 000 | 00752nam a2200265 4500 | ||
|---|---|---|---|
| 008 | s2004 fr fre u | ||
| 020 | _a2218734419 | ||
| 020 | _a9782218734410 | ||
| 020 | _a9782218749155 | ||
| 040 | _aLB-BrCRDP | ||
| 082 | 1 |
_aCP _bMAT |
|
| 100 | 1 | _aPeltier, Marie-Lise | |
| 245 | 1 | 0 |
_aEuroMaths - CP _cMarie - Lise Peltier , Danielle Vergnes , Caludette Clavié |
| 260 |
_aParis _bHatier _c2004 |
||
| 300 |
_a143 p. _bcouv. couleur, ill. coul. _c30 cm |
||
| 490 | 0 | _aEuroMaths | |
| 500 | _aTable des matières. | ||
| 650 | 4 | _aMathématiques | |
| 650 | 4 | _aCycle 2 | |
| 650 | 4 | _aEB1 | |
| 700 | 1 | _aVergnes, Danielle | |
| 700 | 1 | _aClavié, Claudette | |
| 942 | _cBK | ||
| 999 |
_c987 _d987 |
||